000 01007nam a22002297a 4500
005 20250428111701.0
008 250428b |||||||| |||| 00| 0 eng d
020 _a978-93-92928-77-2 (hbk)
037 _cTB
040 _aCRL
_cCRL
041 _2hin
_ahin
084 _aO152,1:g R2
_qCRL
100 _aकुमार, प्रेम
_9753092
245 _aकविता का वैचरिक परिप्रेक्ष्य
260 _aनई दिल्ली, भारत:
_bकमलकार पब्लिशर्स प्राइवेट लिमिटेड,
_c2022.
300 _a152पृ0
365 _b400.00
_cINR
650 _aहिन्दी कविता
650 _aहिन्दी साहित्य
942 _2CC
_cTB
_hO152,1:g R2
_n0
999 _c1309426
_d1309426